Catálogo

FIREWOOD CROPS : (Registro nro. 1067)

Detalles MARC
000 -LEADER
fixed length control field 00462nam a2200157 a 4500
001 - CONTROL NUMBER
control field 1067
005 - DATE AND TIME OF LATEST TRANSACTION
control field 20180713181142.0
008 - FIXED-LENGTH DATA ELEMENTS--GENERAL INFORMATION
fixed length control field 140415s1980 xxu 000 0 eng d
041 ## - LANGUAGE CODE
Language code of text/sound track or separate title eng
082 ## - DEWEY DECIMAL CLASSIFICATION NUMBER
Classification number 634.982
Item number FIR
245 00 - TITLE STATEMENT
Title FIREWOOD CROPS :
Remainder of title SHRUB AND TREE SPECIES FOR ENEGY PRODUCTION
250 ## - EDITION STATEMENT
Edition statement 1a ed.
260 ## - PUBLICATION, DISTRIBUTION, ETC.
Place of publication, distribution, etc. ESTADOS UNIDOS DE AMERICA :
Name of publisher, distributor, etc. NATIONAL ACADEMY OF SCIENCES,
Date of publication, distribution, etc. 1980
300 ## - PHYSICAL DESCRIPTION
Extent 237
650 14 - SUBJECT ADDED ENTRY--TOPICAL TERM
Topical term or geographic name entry element EXPLOTACION FORESTAL
Existencias
Withdrawn status Lost status Source of classification or shelving scheme Damaged status Not for loan Collection code Home library Current library Shelving location Date acquired Source of acquisition Inventory number Total Checkouts Full call number Barcode Date last seen Price effective from Koha item type
    Dewey Decimal Classification     General Biblioteca Karol Wojtyla Biblioteca Karol Wojtyla Área de silencio 03/12/2013 Compra 151000000000000000011975   634.982 FIR 11364 05/01/2026 03/12/2013 Libro
    Dewey Decimal Classification     General Biblioteca Karol Wojtyla Biblioteca Karol Wojtyla Área de silencio 03/12/2013 Compra 151000000000000000011976   634.982 FIR 11969 05/01/2026 03/12/2013 Libro